=LDR 00000nam 2200000 4500 =001 INLIS000000000021204 =005 20130612120101 =008 ***********************************Ind** =035 ##$$0010-061300000021204 =041 ##$$a Ind =082 ##$$a 340.115 =090 ##$$a 340.115, Rij s =100 ##$$a Dijkschroeef, B.R =245 ##$$a Sosiologi hukum dan sosiologi hukum, DR.B.R Rijkschroeff =260 ##$$a 2001 $b Bandung =300 ##$$a xiv, 266 hlm, 21 cm =650 ##$$a Hukum Sosiologi =850 ##$$a NBPNMAT